[Event "Groningen"]
[Site "Groningen"]
[Date "1995.??.??"]
[Round "4"]
[White "Hansen, Curt"]
[Black "Lautier, Joel"]
[Result "1-0"]
[WhiteElo "2635"]
[BlackElo "2645"]

1.d4 d5 2.c4 dxc4 3.e4 e5 4.Nf3 exd4 5.Bxc4 Bb4+ 6.Nbd2 Nc6 7.O-O Nf6 8.e5 Nd5
9.Nb3 Nb6 10.Bg5 Be7 11.Bxe7 Nxe7 12.Bd3 O-O 13.Nbxd4 Ng6 14.Re1 Bg4 15.h3 Bxf3
16.Nxf3 Nf4 17.Be4 c6 18.Qc2 h6 19.Rad1 Nbd5 20.h4 Qb6 21.a3 Rad8 22.g3 Ne6
23.Nd2 Nd4 24.Qd3 c5 25.Nc4 Qe6 26.Bg2 b6 27.b4 Ne7 28.bxc5 bxc5 29.Nd6 Ng6
30.Nb7 Rc8 31.Nxc5 Rxc5 32.Qxd4 Rxe5 33.Rxe5 Nxe5 34.Qxa7 Qb3 35.Rf1 Nf3+
36.Kh1 Re8 37.a4 Ne1 38.Qd7 Re6 39.Qc8+ Kh7 40.Be4+ g6 41.Rxe1 Rxe4 42.Rxe4 Qf3+
43.Kg1 Qxe4 44.Qc7 Qe1+ 45.Kg2 Qe4+ 46.Kh2 Qf3 47.Qb6 g5 48.hxg5 Qh5+ 49.Kg2 Qxg5
50.Qb5 Qg6 51.Qd5 h5 52.a5 Kg7 53.Qd4+ Kg8 54.Qc4 h4 55.Qxh4 Qc6+ 56.Kh2 Qc5
57.Qd8+ Kg7 58.Qd2  1-0

[Event "Groningen"]
[Site "Groningen"]
[Date "1995.??.??"]
[Round "4"]
[White "Karpov, Anatoly"]
[Black "Piket, Jeroen"]
[Result "1-0"]
[WhiteElo "2775"]
[BlackElo "2625"]

1.d4 d5 2.c4 dxc4 3.e4 Nc6 4.Be3 Nf6 5.f3 e5 6.d5 Nd4 7.Bxd4 exd4 8.Qxd4 c6
9.Nc3 Bb4 10.Qe5+ Qe7 11.Qxe7+ Kxe7 12.dxc6 bxc6 13.Bxc4 Nd7 14.O-O-O Ne5
15.Be2 g5 16.h4 gxh4 17.Rxh4 Be6 18.Rh5 Ng6 19.g3 Bxc3 20.bxc3 Bxa2 21.Rd2 Be6
22.f4 Bd7 23.Nf3 a5 24.f5 Nf8 25.g4 a4 26.Kb2 a3+ 27.Ka2 Be8 28.Rh6 f6 29.e5 Nd7
30.g5 fxe5 31.Rxc6 Bf7+ 32.Bc4 Bxc4+ 33.Rxc4 Rac8 34.Ra4 Rc7 35.Ra6 Rb8 36.Rh6 Rxc3
37.Rxh7+ Ke8 38.Nxe5 Nf8 39.Rh8 Rg3 40.Nd7 Rb2+ 41.Rxb2 axb2 42.Nxf8  1-0

[Event "Hajduszoboszlo"]
[Site "Hajduszoboszlo"]
[Date "1995.??.??"]
[Round "8"]
[White "Menyhart, Tibor"]
[Black "Almasi, Istvan"]
[Result "0-1"]
[WhiteElo "2225"]
[BlackElo "2375"]

1.d4 d5 2.c4 dxc4 3.e4 b5 4.a4 c6 5.b3 Nf6 6.e5 Nd5 7.bxc4 bxc4 8.Bxc4 e6
9.Ne2 Bb4+ 10.Bd2 Be7 11.O-O O-O 12.Nbc3 Ba6 13.Qb3 Nb6 14.Bxa6 Nxa6 15.a5 Nd5
16.Qc4 Ndb4 17.Rfc1 c5 18.Ne4 cxd4 19.Qxd4 Nd3 20.Rc6 Nab4 21.Rc4 Qxd4 22.Nxd4 Rac8
23.Rxc8 Rxc8 24.Bxb4 Bxb4 25.Nb5 Nxe5 26.Nxa7 Ra8 27.Ra4 Rxa7 28.Rxb4 Nc6
29.Ra4 Rxa5 30.Rxa5 Nxa5 31.h4 f6 32.g3 Kf7 33.Kg2 Nc4 34.Kf3 h6 35.Kf4 e5+
36.Kg4 g6 37.Kf3 f5 38.Nc3 Ke6 39.Nb5 Nb6 40.Nc3 Nd5 41.Nb1 e4+ 42.Ke2 f4
43.Nd2 Ke5 44.Nc4+ Kd4 45.Nd2 Nc3+ 46.Ke1 fxg3 47.fxg3 e3 48.Nf3+ Ke4 49.Nh2 Kf5
50.Nf3 Ne4 51.Ke2 Nxg3+ 52.Kxe3 Kg4 53.Ne5+ Kh5 54.Kf4 Nf5 55.Nf3 Nxh4 56.Ne5 g5+
57.Kg3 Nf5+ 58.Kh3 Ne3 59.Kg3 Nd5 60.Kh3 Nf6 61.Kg3 g4 62.Nf7 Kg6 63.Ne5+ Kf5
64.Nf7 h5 65.Nd6+ Kg6 66.Kh4 Nd5 67.Ne4 Ne3 68.Nf2 Nf5+  0-1

[Event "Wch U20"]
[Site "Halle"]
[Date "1995.??.??"]
[Round "2"]
[White "Relange, Eloi"]
[Black "Quinn, Mark"]
[Result "1-0"]
[WhiteElo "2455"]
[BlackElo "2360"]

1.d4 d5 2.c4 dxc4 3.e4 Nc6 4.Be3 Nf6 5.e5 Bg4 6.Nf3 Nd5 7.Bxc4 e6 8.O-O Be7
9.a3 O-O 10.Nc3 Nxe3 11.fxe3 Na5 12.Ba2 c5 13.d5 exd5 14.Bxd5 c4 15.Qe1 Qb6
16.Nd4 Nb3 17.Nxb3 Qxb3 18.Rf4 Be6 19.Qe2 Rac8 20.Raf1 Bxa3 21.Bxe6 fxe6
22.Qg4 Qxb2 23.Qxe6+ Kh8 24.Ne4 Rfe8 25.Nd6 Qb6 26.Qxe8+  1-0

[Event "Wichern op"]
[Site "Hamburg"]
[Date "1995.??.??"]
[Round "8"]
[White "Gleizerov, Evgeny"]
[Black "Afek, Yochanan"]
[Result "1-0"]
[WhiteElo "2540"]
[BlackElo "2390"]

1.d4 d5 2.c4 dxc4 3.e4 c5 4.d5 e6 5.Nc3 exd5 6.exd5 Nf6 7.Bxc4 a6 8.a4 Bd6
9.Qe2+ Qe7 10.Qxe7+ Kxe7 11.Bg5 Bf5 12.Nge2 h6 13.Ng3 Bh7 14.Bxf6+ Kxf6 15.O-O Ke7
16.Rae1+ Kd8 17.f4 Nd7 18.f5 Nf6 19.Nge4 Nxe4 20.Nxe4 Kd7 21.Nxd6 Kxd6 22.f6 g5
23.Re7 Bg6 24.Rxb7 Rhb8 25.Rxb8 Rxb8 26.b3 Bc2 27.Re1 a5 28.Re3 Rb6 29.Kf2 Kd7
30.Re7+ Kd6 31.Rxf7 Bxb3 32.Re7 Rb4 33.Re6+ Kd7 34.f7 Rxc4 35.Rf6 Rc2+ 36.Ke3 Rc3+
37.Kd2  1-0

[Event "Wichern op"]
[Site "Hamburg"]
[Date "1995.??.??"]
[Round "9"]
[White "Murdzia, Piotr"]
[Black "Naumann, Frank"]
[Result "1-0"]
[WhiteElo "2425"]
[BlackElo "2280"]

1.d4 d5 2.c4 dxc4 3.e4 Nf6 4.Nc3 c5 5.Nf3 cxd4 6.Qxd4 Qxd4 7.Nxd4 Bd7 8.e5 Ng4
9.e6 fxe6 10.Bxc4 Nc6 11.Nxc6 bxc6 12.O-O g6 13.h3 Ne5 14.Be2 Bg7 15.Be3 Nf7
16.Na4 Nd6 17.Rac1 Nf5 18.Bc5 Nd4 19.Bc4 Rf8 20.Rfe1 e5 21.Rcd1 Nb5 22.b3 Bf6
23.Rd2 Rc8 24.Bb4 Nd6 25.Ba6 Rb8 26.Bc3 Rd8 27.Bxe5 Bxe5 28.Rxe5 Rf5 29.Re1 Kf8
30.Rde2 Re8 31.Re5 Kg7 32.Nc5 Rxe5 33.Rxe5 Bc8 34.Bf1 Kf6 35.Re1 Rd8 36.g3 Nf5
37.Kg2 Nd6 38.Ne4+ Kf7 39.Bc4+ Kg7 40.Nxd6 exd6 41.Re7+ Kf6 42.Rxa7 d5 43.Bd3 Bd7
44.f4 d4 45.g4 h6 46.Rc7 g5 47.Kf3  1-0

[Event "Hastings op9495"]
[Site "Hastings"]
[Date "1995.??.??"]
[Round "4"]
[White "Ward, Christopher"]
[Black "Grinfeld, Alla B"]
[Result "1-0"]
[WhiteElo "2485"]
[BlackElo "2285"]

1.d4 d5 2.c4 dxc4 3.e4 Nf6 4.e5 Nd5 5.Bxc4 Nb6 6.Bb3 Nc6 7.Nf3 Bg4 8.Bxf7+ Kxf7
9.Ng5+ Ke8 10.Qxg4 Qxd4 11.Qe2 Qxe5 12.Be3 Nd5 13.Nf3 Qf5 14.O-O e6 15.Bd2 Bd6
16.Re1 Kd7 17.Nc3 Rae8 18.Ne4 Rhf8 19.Rac1 h6 20.b4 Qh5 21.Nxd6 cxd6 22.b5 Ne5
23.Nxe5+ Qxe5 24.Qxe5 dxe5 25.Rxe5 Rc8 26.Ree1 a6 27.bxa6 bxa6 28.Kf1 Rb8
29.Rb1 Rb5 30.a4 Rbb8 31.Ke2 Rfc8 32.Kd3 Kd6 33.f4 Rf8 34.g3 g6 35.Rec1 h5
36.Be1 Kd7 37.Ke4 Nf6+ 38.Kd4 Nd5 39.Bd2 Rfe8 40.Ke5 Rf8 41.Ke4 Nf6+ 42.Kd3 Nd5
43.Be3 Nb4+ 44.Ke4 Nd5 45.Bd4 a5 46.Rxb8 Rxb8 47.Rc5 Ne7 48.Bc3 Nc6 49.Rg5 Rb3
50.Kd3 Ra3 51.Rxg6 Ne7 52.Rg7 Ke8 53.Kc2 Rxa4 54.Rh7 Nd5 55.Kb3 Re4 56.Bxa5 Nf6
57.Rh6 Kf7 58.Bc3 Nd5 59.Be5 Re3+ 60.Kc4 Re4+ 61.Kc5 Ra4 62.Kb5 Ra2 63.Rxh5 Ne3
64.h3 Nd5 65.Rg5 Rh2 66.h4 Rh1 67.h5 Ne7 68.Kc5 Nf5 69.g4 Ne3 70.Kd4 Rh3
71.Rg6 Nc2+ 72.Kc5 Ne3 73.Bd4 Nc2 74.Rf6+ Ke7 75.Rh6 Ra3 76.Rh7+ Kf8 77.g5 Ra5+
78.Kb6 Rf5 79.Rh8+ Ke7 80.Bf6+ Kf7 81.Be5  1-0

[Event "Hastings op9495"]
[Site "Hastings"]
[Date "1995.??.??"]
[Round "9"]
[White "Sherbakov, Ruslan"]
[Black "Bronstein, David I"]
[Result "1/2-1/2"]
[WhiteElo "2520"]
[BlackElo "2435"]

1.d4 d5 2.c4 dxc4 3.e4 e5 4.Nf3 exd4 5.Bxc4 Nc6 6.O-O Be6 7.Bxe6 fxe6 8.Qb3 Qd7
9.Qxb7 Rb8 10.Qa6 Nf6 11.Nbd2 Bb4 12.e5 Ng4 13.Qe2 Qd5  1/2-1/2

[Event "Hillerod Politiken"]
[Site "Hillerod"]
[Date "1995.??.??"]
[Round "6"]
[White "Ward, Christopher"]
[Black "Ahlander, Bjorn"]
[Result "1-0"]
[WhiteElo "2485"]
[BlackElo "2400"]

1.d4 d5 2.c4 dxc4 3.e4 Nc6 4.Nf3 Bg4 5.Bxc4 e6 6.d5 exd5 7.Bxd5 Bb4+ 8.Bd2 Bxf3
9.Bxc6+ bxc6 10.Qxf3 Bxd2+ 11.Nxd2 Qd4 12.Qc3 Qxc3 13.bxc3 O-O-O 14.O-O-O Nf6
15.f3 Rde8 16.Nb3 Re5 17.Rd4 Nd7 18.Ra4 Kb8 19.Ra5 Rb5 20.Nd4 Rb6 21.Rd1 Nf8
22.Nb3 Ne6 23.Rd7 Rf8 24.Rf5 f6 25.Ra5 Rd8 26.Rxd8+ Nxd8 27.e5 Rb5 28.exf6 Rxa5
29.Nxa5 gxf6 30.Nb3 Ne6 31.Kd2 Kc8 32.Nd4 Nd8 33.Kd3 Kd7 34.Ke4 c5 35.Nb3 Nb7
36.Kd5 c6+ 37.Kc4 Kd6 38.a4 f5 39.g3 h6 40.h3 h5 41.g4 fxg4 42.fxg4 hxg4
43.hxg4 Ke5 44.Nxc5 Nd6+ 45.Kb4 Kf4 46.Ka5 Kxg4 47.Ka6 Kf4 48.Kxa7 Ke5 49.Nb7 Ne4
50.a5 Nxc3 51.a6 Kd5 52.Kb6 Nb5 53.Nc5 Kd6 54.Na4 Kd7 55.Kb7 Nd6+ 56.Kb8 Nb5
57.Nc3 Nc7 58.a7 Kd8 59.Ne4 Na8 60.Nc5 Nb6 61.Kb7 Na8 62.Kxc6 Kc8 63.Ne6  1-0

[Event "HUN-chT1"]
[Site "HUN"]
[Date "1995.??.??"]
[Round "?"]
[White "Korpics, Zsolt"]
[Black "Karolyi, Tibor Jr"]
[Result "1/2-1/2"]
[WhiteElo "2315"]
[BlackElo "2385"]

1.d4 d5 2.c4 dxc4 3.e4 c5 4.Nf3 cxd4 5.Qxd4 Qxd4 6.Nxd4 Bd7 7.Bxc4 e5 8.Nb3 Nf6
9.Nc3 Bb4 10.Bd2 Bc6  1/2-1/2

[Event "ISL-chT"]
[Site "Island"]
[Date "1995.??.??"]
[Round "?"]
[White "Halldorsson, Bragi"]
[Black "Thorhallsson, Throstur"]
[Result "0-1"]
[WhiteElo "2265"]
[BlackElo "2420"]

1.d4 d5 2.c4 dxc4 3.e4 Nf6 4.Nc3 e5 5.d5 a6 6.Nf3 Bg4 7.Bxc4 b5 8.Be2 Nbd7
9.O-O Bd6 10.Ne1 Bxe2 11.Qxe2 O-O 12.Nd3 h6 13.b4 c6 14.dxc6 Nb8 15.c7 Qxc7
16.Bb2 Nc6 17.Rac1 Nd4 18.Qe3 Qc4 19.h3 a5 20.a4 bxa4 21.Nxa4 Qb5 22.f4 Nd7
23.Nc3 Qb6 24.Kh1 Nb3 25.Qg3 Nxc1 26.Nd5 Ne2 27.Qg4 Qb5 28.Qxe2 f6 29.Rd1 exf4
30.Qh5 Ne5 31.N3xf4 Rae8 32.Ng6 Rf7 33.Nxf6+ Rxf6 34.Rxd6 Rf1+ 35.Kh2 Nf3+
36.Qxf3 Rxf3 37.gxf3 Qe2+ 38.Kg3 Qxb2 39.bxa5 Qc3 40.Rd5 Qc1 41.h4 Qg1+  0-1

[Event "Katowice op"]
[Site "Katowice"]
[Date "1995.??.??"]
[Round "7"]
[White "Sosnicki, Michal"]
[Black "Gawronski, Miroslaw"]
[Result "0-1"]
[WhiteElo "2160"]
[BlackElo "2300"]

1.d4 d5 2.c4 dxc4 3.e4 b5 4.a4 Bb7 5.axb5 Bxe4 6.Nc3 Bb7 7.Nf3 e6 8.Bxc4 Nf6
9.O-O Be7 10.Bg5 O-O 11.Ne5 a6 12.Qd3 axb5 13.Bxb5 h6 14.Bh4 Nbd7 15.Nc6 Bxc6
16.Bxc6 Rxa1 17.Rxa1 Ne5 18.Qb5 Qxd4 19.Bg3 Nxc6 20.Qxc6 Bd6 21.Rd1 Qb4 22.Bxd6 cxd6
23.Qxd6 Qxb2 24.Na4 Qc2 25.Nb6 Ne4 26.Qd4 Rb8 27.Rf1 e5 28.Qd5 Kh7 29.Nd7 Rb1  0-1

[Event "Kishinev Interzonal (Women)"]
[Site "Kishinev"]
[Date "1995.??.??"]
[Round "12"]
[White "Kiseleva, Natalia"]
[Black "Semenova, Lidia K"]
[Result "0-1"]
[WhiteElo "2260"]
[BlackElo "2310"]

1.d4 d5 2.c4 dxc4 3.e4 Nf6 4.e5 Nd5 5.Bxc4 Nb6 6.Bb3 Nc6 7.Ne2 Bg4 8.f3 Bf5
9.Nbc3 e6 10.O-O Qd7 11.Be3 Nb4 12.Ne4 N4d5 13.Bf2 Be7 14.Rc1 O-O 15.Nc5 Qc8
16.Qd2 h6 17.g4 Bh7 18.Bg3 Rd8 19.a3 Nd7 20.Bxd5 Nxc5 21.Ba2 Qd7 22.b4 Na4
23.f4 c5 24.bxc5 Bxc5 25.f5 Bxa3 26.Rcd1 Rac8 27.Nf4 Re8 28.d5 exf5 29.d6 Rxe5
30.Nd5 Bc5+ 31.Kh1 fxg4 32.Bb1 Bxb1 33.Rxb1 Re6 34.Rbd1 Kh8 35.Ne7 Rf8 36.Qd5 b6
37.Qc6 Qxc6+ 38.Nxc6 Nc3 39.Rd3 Ne4 40.d7 Nxg3+ 41.hxg3 Rxc6 42.d8=Q Rxd8
43.Rxd8+ Kh7 44.Rxf7 a5 45.Rdd7 Rg6 46.Ra7 Rg5 47.Rfb7 h5 48.Kg2 Kh6 49.Kh2 Bd4
50.Rd7 Bf6 51.Rd6 Rb5 52.Ra6 Rb2+ 53.Kh1 Rb3 54.Kg2 Kg6 55.Rdxb6 a4 56.Rd6 a3
57.Rd2 Rb2 58.Rf2 Rb3 59.Rd2 Kh7 60.Ra5  0-1

[Event "Kuopio op1"]
[Site "Kuopio"]
[Date "1995.??.??"]
[Round "?"]
[White "Kilpi, Teemu"]
[Black "Rantanen, Yrjo A"]
[Result "0-1"]
[WhiteElo "2270"]
[BlackElo "2340"]

1.d4 d5 2.c4 dxc4 3.e4 Nc6 4.Be3 Nf6 5.Nc3 Ng4 6.Bxc4 e5 7.Qb3 Qd7 8.O-O-O exd4
9.Nf3 Na5 10.Qb5 Nxc4 11.Qxc4 c5 12.h3 Nf6 13.Bg5 Be7 14.e5 Qe6 15.Qxe6 Bxe6
16.exf6 gxf6 17.Nb5 fxg5 18.Nc7+ Kd7 19.Nxa8 Rxa8 20.Kb1 f6 21.h4 g4 22.Ne1 Bd6
23.g3 Re8 24.Nd3 Bf5 25.Kc1 Re2  0-1

[Event "Kuopio op2"]
[Site "Kuopio"]
[Date "1995.??.??"]
[Round "?"]
[White "Paasikangas, Johanna"]
[Black "Hakulinen, Esko Matti"]
[Result "1/2-1/2"]
[WhiteElo "2140"]
[BlackElo "2315"]

1.d4 d5 2.c4 dxc4 3.e4 c5 4.d5 e6 5.Bxc4 Nf6 6.Nc3 exd5 7.exd5 Bd6 8.Nge2 a6
9.a4 O-O 10.h3 Bf5 11.O-O h6 12.Ng3 Bh7 13.f4 Re8 14.Qf3 Nbd7 15.Bd2 Nb6
16.b3 Qd7 17.f5 Bxg3 18.Qxg3 Bxf5 19.Bxh6 Bg6 20.Qf2 Nxc4 21.bxc4 Ne4 22.Nxe4 Rxe4
23.Bf4 Rxc4 24.d6 Re8 25.a5 Rc2 26.Qg3 Ree2 27.Rae1 c4 28.Rxe2 Rxe2 29.Qf3 Re8
30.Bg3 Be4 31.Qc3 Qe6  1/2-1/2

[Event "Las Vegas op 5'"]
[Site "Las Vegas"]
[Date "1995.??.??"]
[Round "7"]
[White "Henley, Ron W"]
[Black "Dlugy, Maxim"]
[Result "0-1"]
[WhiteElo "2480"]
[BlackElo "2545"]

1.d4 d5 2.c4 dxc4 3.e4 e5 4.Nf3 Bb4+ 5.Bd2 Bxd2+ 6.Nbxd2 exd4 7.Bxc4 Nc6
8.O-O Qf6 9.b4 a6 10.b5 axb5 11.Bxb5 Ne7 12.e5 Qg6 13.Nxd4 O-O 14.N2f3 Rd8
15.Bxc6 bxc6 16.Qc2 Qxc2 17.Nxc2 Be6 18.a3 c5 19.Ne3 Nd5 20.Rfc1 Nxe3 21.fxe3 c4
22.Nd4 Bd5 23.Rc3 Ra5 24.Rb1 g6 25.Rb5 Rda8 26.Kf2 c5 27.Rxa5 Rxa5 28.Ne2 Ra4
29.Ng3 Kf8 30.e4 Bc6 31.Ke3 Ra7 32.Ne2 g5 33.Ng1 Ke7 34.Nf3 h6 35.h3 Bb5
36.Kd2 Rb7 37.Re3 Ke6 38.Rc3 Ba6 39.Ne1 Kxe5 40.Ke3 Rb3 41.Nd3+ Kd6 42.Rxb3 cxb3
43.Nb2 Ke5 44.a4 c4 45.Kd2 Kd4 46.Nd1 Kxe4 47.Kc3 f5 48.Nb2 f4 49.a5 f3 50.gxf3+ Kxf3
51.Na4 h5 52.Nc5 g4  0-1

[Event "Leeuwarden op"]
[Site "Leeuwarden"]
[Date "1995.??.??"]
[Round "5"]
[White "Donk, Merlijn Silvester"]
[Black "Ciechonski, Piotr"]
[Result "0-1"]
[WhiteElo "2365"]
[BlackElo "2180"]

1.d4 d5 2.c4 dxc4 3.e4 c5 4.d5 e6 5.Nc3 exd5 6.exd5 a6 7.a4 Nf6 8.Bxc4 Bd6
9.Nf3 O-O 10.O-O h6 11.Qd3 Re8 12.h3 Nbd7 13.Be3 Ne5 14.Nxe5 Rxe5 15.Rad1 Bf5
16.Qe2 Qd7 17.Qf3 Bg6 18.g4 h5 19.g5 Ne4 20.Nxe4 Rxe4 21.Bd3 Rxa4  0-1

[Event "Legnica"]
[Site "Legnica"]
[Date "1995.??.??"]
[Round "?"]
[White "Kiseleva, Natalia"]
[Black "Bus, Mariusz"]
[Result "1/2-1/2"]
[WhiteElo "2240"]
[BlackElo "2390"]

1.d4 d5 2.c4 dxc4 3.e4 c5 4.d5 e6 5.Nc3 Nf6 6.Bxc4 exd5 7.exd5 a6 8.a4 Bd6
9.Nge2 O-O 10.O-O Nbd7 11.Ng3  1/2-1/2

[Event "Linares op"]
[Site "Linares"]
[Date "1995.??.??"]
[Round "?"]
[White "Petursson, Margeir"]
[Black "Spangenberg, Hugo"]
[Result "0-1"]
[WhiteElo "2535"]
[BlackElo "2500"]

1.d4 d5 2.c4 dxc4 3.e4 e5 4.Nf3 exd4 5.Bxc4 Bb4+ 6.Nbd2 Nc6 7.O-O Nf6 8.e5 Nd5
9.Nb3 Nb6 10.Bg5 Be7 11.Bxe7 Qxe7 12.Bb5 Bd7 13.Bxc6 Bxc6 14.Nfxd4 Bd5 15.Qg4 g6
16.Rfe1 O-O 17.Nf5 Qd7 18.Nh6+ Kh8 19.Qf4 f5 20.e6 Qg7 21.Nf7+ Kg8 22.Nh6+ Kh8
23.Nf7+ Kg8 24.Nc5 Rae8 25.Nh6+ Kh8 26.Nf7+ Kg8 27.Rad1 Re7 28.Nh6+ Kh8 29.Nf7+ Kg8
30.Re5 c6 31.Nh6+ Kh8 32.Nf7+ Kg8 33.b3 Rfe8 34.Nh6+ Kh8 35.Nf7+ Kg8 36.Rde1 Nc8
37.Nh6+ Kh8 38.Nf7+ Kg8 39.h4 b6  0-1

[Event "Lvov"]
[Site "Lvov"]
[Date "1995.??.??"]
[Round "1"]
[White "Rogozenko, Dorin"]
[Black "Maksimenko, Andrei"]
[Result "0-1"]
[WhiteElo "2440"]
[BlackElo "2550"]

1.d4 d5 2.c4 dxc4 3.e4 Nf6 4.e5 Nd5 5.Bxc4 Nb6 6.Bb3 Nc6 7.Ne2 Bf5 8.Nbc3 e6
9.a3 Be7 10.O-O Qd7 11.Be3 O-O-O 12.Rc1 Na5 13.Bc2 Nac4 14.Bxf5 exf5 15.Qc2 f6
16.exf6 Bxf6 17.Bf4 g5 18.Bxc7 Kxc7 19.b3 Nxa3 20.Qa2 Be7 21.Nb5+ Kb8 22.Nxa3 Bxa3
23.Qxa3 Nd5 24.Rc5 f4 25.Ra1 a6 26.b4 Qg4 27.Qb3 f3 28.Qxf3 Qxf3 29.gxf3 Rhf8
30.Kg2 Rf6 31.Rb1 Re6 32.Kf1 Rf6 33.Rc2 Nc3  0-1

[Event "Madrid"]
[Site "Madrid"]
[Date "1995.??.??"]
[Round "2"]
[White "Epishin, Vladimir"]
[Black "Short, Nigel D"]
[Result "1/2-1/2"]
[WhiteElo "2635"]
[BlackElo "2655"]

1.d4 d5 2.c4 dxc4 3.e4 e5 4.Nf3 Bb4+ 5.Bd2 Bxd2+ 6.Nbxd2 exd4 7.Bxc4 Nc6
8.O-O Qf6 9.e5 Qg6 10.Nb3 Nge7 11.Re1 O-O 12.Nfxd4 Rd8 13.Nxc6 Nxc6 14.Qf3 Be6
15.Rac1 Bxc4 16.Rxc4 Rd3 17.Qe2 Rd5 18.Re4 Rad8 19.h3 Qe6 20.f4 g6 21.Qf2 b6
22.Kh2 h5 23.Rc1 Qf5 24.Qe3 Rd3 25.Qe2 Na5 26.Nxa5 bxa5 27.e6 fxe6  1/2-1/2

[Event "Madrid"]
[Site "Madrid"]
[Date "1995.??.??"]
[Round "9"]
[White "Epishin, Vladimir"]
[Black "Salov, Valery"]
[Result "1/2-1/2"]
[WhiteElo "2635"]
[BlackElo "2715"]

1.d4 d5 2.c4 dxc4 3.e4 Nf6 4.e5 Nd5 5.Bxc4 Nb6 6.Bb3 Bf5 7.Nc3 e6 8.Nge2 Nc6
9.a3 Qd7 10.O-O O-O-O 11.Be3 Be7 12.Rc1 f6 13.exf6 gxf6 14.Na4 Nd5 15.Bc4 Na5
16.Ba2 Bg4 17.Nac3 Rhg8 18.Qd2 Nb6 19.Ne4 Nc6 20.f3 Bh5 21.Nc5 Bxc5 22.Rxc5 Bf7
23.Rfc1 e5 24.Bb1 Bg6 25.Ba2 Bf7 26.Bb1 Bg6 27.Ba2 Bf7 28.Bb1  1/2-1/2

[Event "Manresa"]
[Site "Manresa"]
[Date "1995.??.??"]
[Round "8"]
[White "Epishin, Vladimir"]
[Black "Magem Badals, Jorge"]
[Result "1/2-1/2"]
[WhiteElo "2640"]
[BlackElo "2560"]

1.d4 d5 2.c4 dxc4 3.e4 Nf6 4.e5 Nd5 5.Bxc4 Nb6 6.Bb3 Nc6 7.Ne2 Bf5 8.Nbc3 e6
9.a3 Qd7 10.O-O O-O-O 11.Be3 Be7 12.Rc1 Na5 13.d5 exd5 14.Bxb6 axb6 15.Bxd5 Be6
16.Qc2 Kb8 17.Rcd1 c6 18.Ba2 Qc8 19.Nd4 Bxa2 20.Nxa2 b5 21.Qc3 Qc7 22.Nb4 g6
23.Nbc2 Qb6 24.b3 c5 25.Nf3 Nc6 26.a4 bxa4 27.bxa4 Rxd1 28.Rxd1 Rd8 29.Re1 Qa6
30.Ra1  1/2-1/2

[Event "Capablanca mem"]
[Site "Matanzas"]
[Date "1995.??.??"]
[Round "1"]
[White "Borges Mateos, Juan"]
[Black "Cifuentes Parada, Roberto"]
[Result "1/2-1/2"]
[WhiteElo "2400"]
[BlackElo "2535"]

1.d4 d5 2.c4 dxc4 3.e4 c5 4.d5 e6 5.Bxc4 Nf6 6.Nc3 exd5 7.exd5 a6 8.Bf4 b5
9.Qe2+ Qe7 10.d6 Qxe2+ 11.Bxe2 Bb7 12.Bf3 Nc6 13.O-O-O O-O-O 14.Nge2 Na5
15.Ng3 Bxf3 16.gxf3 Nb7 17.Nf5 Nh5 18.Bg5 f6 19.Be3 Nxd6 20.Nxd6+ Rxd6 21.Ne4 Rc6
22.Rd5 g6 23.Rhd1 Be7 24.Nxc5 Bxc5 25.Rxc5 Rxc5+ 26.Bxc5 Rd8 27.Bd4 Rd6 28.Kc2 Nf4
29.Rd2 Kb7 30.Bc3 Rxd2+ 31.Kxd2 f5 32.Ke3 Ne6 33.f4 Kc6 34.b3 Kd5 35.h3 Nc5
36.f3 Ne6 37.Bd2 Nd4 38.Bc3 Nc6 39.Kd3 Kc5 40.Kd2 Nb4 41.a3 Nc6 42.Kd3 Kd5
43.Bf6 Ke6 44.Bc3 Kf7 45.Be1 Kg7 46.Bc3+ Kh6 47.Bf6 Kh5 48.b4 h6 49.h4 g5
50.fxg5 hxg5 51.hxg5 Kg6 52.Ke3 Kf7 53.Kf4 Ke6 54.Ke3 Kf7 55.Bc3 Kg6 56.Kf4 Ne7
57.Bd2 Nc6 58.Be3 a5 59.Bc5 axb4 60.axb4 Nd8 61.Bd4 Ne6+ 62.Ke5 Nxg5 63.f4 Nf3+
64.Kd5 Ne1 65.Be5 Nd3 66.Bd6 Kh5 67.Kd4 Nf2 68.Kc5 Ne4+ 69.Kc6 Kg4 70.Be5 Nf2
71.Kxb5 Nd3 72.Kc4 Nxe5+ 73.fxe5 f4 74.e6 f3 75.Kd3 Kg3 76.e7 f2 77.e8=Q f1=Q+
78.Qe2 Qf5+ 79.Qe4 Qb5+ 80.Kc3 Kh2 81.Qc2+ Kh1 82.Qd1+ Kg2 83.Qd2+ Kh1 84.Qd6 Kg2
85.Qc5 Qa4 86.Qg5+ Kh3 87.Qf5+ Kg3 88.Qe5+ Kh3 89.Qe6+ Kg3 90.Qd6+ Kh3 91.Qd3+ Kh4
92.b5 Qa3+ 93.Kc4 Qa4+ 94.Kc5 Qa5 95.Qd4+ Kh3 96.Kc6 Qa3 97.b6 Qf3+ 98.Kc7 Qg3+
99.Kd7 Qf3 100.Ke7 Kg2 101.Qb2+ Kh1 102.b7 Qe4+ 103.Kd6 Qg6+ 104.Kc5 Qf5+
105.Kb6 Qf2+  1/2-1/2

[Event "Capablanca mem-B"]
[Site "Matanzas"]
[Date "1995.??.??"]
[Round "2"]
[White "Servat, Roberto"]
[Black "Alvarez, Jose"]
[Result "1-0"]
[WhiteElo "2450"]
[BlackElo "2345"]

1.d4 d5 2.c4 dxc4 3.e4 e5 4.Nf3 exd4 5.Bxc4 Bb4+ 6.Bd2 Bxd2+ 7.Nbxd2 Nc6
8.O-O Nge7 9.Ng5 Ne5 10.Bb3 Bg4 11.Bxf7+ Nxf7 12.Qxg4 Nxg5 13.Qxg5 O-O 14.Nb3 b6
15.Nxd4 Qxd4 16.Qxe7 Rf7 17.Qe6 Qxb2 18.e5 Kf8 19.Qd5 Re8 20.f4 g6 21.Rae1 Kg7
22.e6 Rfe7 23.g4 Qf6 24.f5 g5 25.Rd1 c5 26.Qc6  1-0

[Event "Capablanca mem"]
[Site "Matanzas"]
[Date "1995.??.??"]
[Round "3"]
[White "Sorin, Ariel"]
[Black "Cifuentes Parada, Roberto"]
[Result "1-0"]
[WhiteElo "2505"]
[BlackElo "2535"]

1.d4 d5 2.c4 dxc4 3.e4 c5 4.d5 e6 5.Nc3 exd5 6.Nxd5 Ne7 7.Bxc4 Nxd5 8.Bxd5 Be7
9.Nf3 O-O 10.O-O Qb6 11.Be3 Nc6 12.Rc1 Qxb2 13.Bxc5 Bxc5 14.Rxc5 Qb6 15.Qc2 Bd7
16.Rb1 Qc7 17.Ne5 Rac8 18.Qb2 Qd6 19.Nxd7 Qxd7 20.Rbc1 Rc7 21.e5 Rcc8 22.f4 Ne7
23.Qxb7 Rxc5 24.Rxc5 Qd8 25.g3 Nxd5 26.Rxd5 Qe8 27.Qd7 Qa8 28.f5 Qb8 29.Rb5 Qe8
30.Qxe8 Rxe8 31.Kf2 h5 32.Kf3 Rd8 33.Ra5 Rd7 34.Kf4 f6 35.e6 Rc7 36.Ke4 Kf8
37.Kd5 Ke7 38.Ra6 Ke8 39.Rc6 Rb7 40.Kd6 Rb8 41.a4 a5 42.Ra6 Rd8+ 43.Kc5 Rd2
44.Rxa5 Rxh2 45.Ra8+ Ke7 46.Ra7+ Kf8 47.Rf7+ Ke8 48.a5  1-0

[Event "Capablanca mem"]
[Site "Matanzas"]
[Date "1995.??.??"]
[Round "4"]
[White "Sorin, Ariel"]
[Black "Lima, Darcy"]
[Result "1-0"]
[WhiteElo "2505"]
[BlackElo "2505"]

1.d4 d5 2.c4 dxc4 3.e4 c5 4.d5 Nf6 5.Nc3 e6 6.Bxc4 exd5 7.Nxd5 Nxd5 8.Bxd5 Be7
9.Nf3 O-O 10.O-O Qb6 11.Be3 Nc6 12.Rc1 Bg4 13.Bxc6 Bxf3 14.Qd7 Be2 15.Rfe1 Ba6
16.Qxe7 Qxc6 17.Bxc5 Rfe8 18.Qh4 Rac8 19.f3 b6 20.Be3 Qa4 21.a3 Rc2 22.Rxc2 Qxc2
23.Bd4 f6 24.Bc3 Re6 25.Qg3 Kf7 26.Qb8 Re7 27.Bb4 Qc7 28.Qh8 Re5 29.Qf8+  1-0

[Event "Fide Mercenarios 9th"]
[Site "MEX"]
[Date "1995.??.??"]
[Round "11"]
[White "Castillo Castelan, Miguel"]
[Black "Teran, Armando"]
[Result "1-0"]
[WhiteElo "2170"]
[BlackElo "2000"]

1.d4 d5 2.c4 dxc4 3.e4 Nf6 4.Nc3 e6 5.Bxc4 Be7 6.Nf3 O-O 7.O-O b6 8.Qe2 Bb7
9.Rd1 c6 10.Bf4 Re8 11.e5 Nd5 12.Qe4 Nd7 13.Bd3 g6 14.Bh6 c5 15.Qg4 Nxc3
16.bxc3 Bxf3 17.Qxf3 cxd4 18.cxd4 Rc8 19.Be4 Bg5 20.Qh3 f5 21.exf6 Qxf6 22.d5 Nc5
23.Bf3 Bxh6 24.Qxh6 exd5 25.Bxd5+ Kh8 26.h4 Nd3 27.Bf3 Qd4 28.Qd2 Rc3 29.Rac1 Rxc1
30.Rxc1 Qb2 31.Qxb2+ Nxb2 32.Rc7 a5 33.h5 Nd3 34.hxg6 hxg6 35.Rc6 b5 36.Rxg6 b4
37.Rd6 Nc1 38.Rd2 Kg7 39.Kf1 Kf6 40.Bd1 Rb8 41.Rc2 Nd3 42.Ke2 Nf4+ 43.Kf3 Ne6
44.Rc6 Ke5 45.Ra6 Rb5 46.Ke3 Nc5 47.Ra8 b3 48.f4+ Kf6 49.axb3 Nxb3 50.g4 Rb7
51.g5+ Kg7 52.f5 Nc5 53.Rxa5 Nd7 54.Ba4 Nf8 55.f6+ Kf7 56.Bb5 Rc7 57.Be2 Ne6
58.Bh5+ Kf8 59.g6  1-0

[Event "Moscow op"]
[Site "Moscow"]
[Date "1995.??.??"]
[Round "3"]
[White "Volkov, Sergey"]
[Black "Ibragimov, Ildar"]
[Result "1-0"]
[WhiteElo "2380"]
[BlackElo "2520"]

1.d4 d5 2.c4 dxc4 3.e4 Nc6 4.d5 Ne5 5.Qd4 Nd3+ 6.Bxd3 cxd3 7.Nc3 c6 8.Bf4 Nf6
9.O-O-O g6 10.Nf3 Bg7 11.Rxd3 Nh5 12.Be5 f6 13.Bg3 e5 14.Qc4 b5 15.Qc5 Bf8
16.Qe3 c5 17.Nxe5 fxe5 18.Bxe5 Bg7 19.Bxg7 Nxg7 20.Qxc5 Bd7 21.Nxb5 Bxb5
22.Qxb5+ Qd7 23.Rb3 Qxb5 24.Rxb5 O-O 25.f3 g5 26.h3 h5 27.Kd2 Rae8 28.Rb7 Rf7
29.Rxf7 Kxf7 30.Rc1 Re7 31.h4 gxh4 32.Ke3 Kf6 33.f4 Rb7 34.Rc6+ Ke7 35.b3 a5
36.f5 Ne8 37.Rh6 Kf7 38.e5 Rb4 39.f6  1-0

[Event "Nadole zt (Women)"]
[Site "Nadole"]
[Date "1995.??.??"]
[Round "4"]
[White "Aleksieva, Silvia"]
[Black "Krupkova, Petra"]
[Result "0-1"]
[WhiteElo "2290"]
[BlackElo "2210"]

1.d4 d5 2.c4 dxc4 3.e4 c5 4.d5 b5 5.a4 Nf6 6.Nd2 Qa5 7.Qf3 Nbd7 8.Qc3 Qxc3
9.bxc3 bxa4 10.Bxc4 Nb6 11.Be2 e6 12.c4 exd5 13.cxd5 c4 14.f3 Bb4 15.Kd1 Ba6
16.Ba3 Bxa3 17.Rxa3 O-O 18.Nb1 Nfd7 19.Nc3 Nc5 20.Nh3 Rad8 21.g4 g6 22.g5 h6
23.Rg1 hxg5 24.Rxg5 Kg7 25.Kd2 Rh8 26.Rg3 Rh4 27.Ke3 Bc8 28.Nf4 Rxh2 29.Nb5 a6
30.Nd4 Nb3 31.Nc6 Re8 32.d6 Bb7 33.Ne7 Kf6 34.Nexg6 fxg6 35.Rxg6+ Kf7 36.d7 Rxe2+
37.Nxe2 Nxd7 38.Rh6 Ndc5 39.Ra2 Rd8 40.Nf4 Rg8 41.e5 Rg5 42.Rf6+ Ke8 43.Ng6 Nd7
44.Rd6 Nxe5 45.Re6+ Kf7 46.Rxe5 Rxg6 47.Rh2 Kf6 48.Re8 a3 49.Ra2 Kf7 50.Rb8 Re6+
51.Kf2 Rb6 52.Ke3 c3 53.Rh8 Re6+ 54.Kf4 Bd5 55.Rh7+ Kf8 56.Rd7 Bc4 57.Rc7 Nd2
58.Rxa3 Rf6+ 59.Ke5 Rxf3 60.Kd4 Rd3+ 61.Ke5 c2 62.Ra1 Nf3+ 63.Kf6 Rd6+ 64.Kf5 Rd1
65.Kf6 Ke8 66.Rxc4 Rxa1 67.Rxc2 a5 68.Rc7 a4 69.Ke6 Nd4+ 70.Kd5 a3 71.Ra7 a2
72.Ra8+ Ke7 73.Ra7+ Kf6 74.Ra6+ Kf5 75.Ra5 Nb3  0-1